Communes de Seine-et-Marne (77) de plus de 10000 habitants - Statistiques

Statistiques générales
  • Ce quiz a été pris 127 fois
  • Le résultat moyen est 15 sur 37
Statistiques - réponses
Habitants Communes % Correct
43685 (préfecture) Melun
98%
56659 Meaux
92%
54372 Chelles
77%
15787 Fontainebleau
73%
22939 Torcy
71%
38941 Pontault-Combault
62%
11824 Provins
62%
26334 Bussy-Saint-Georges
56%
15696 Coulommiers
56%
26661 Champs-sur-Marne
52%
15927 Noisiel
52%
30630 Savigny-le-Temple
52%
21433 Lagny-sur-Marne
45%
23521 Roissy-en-Brie
45%
13118 Nemours
44%
14678 Lognes
41%
26794 Villeparisis
41%
20393 Mitry-Mory
39%
21840 Montereau-Fault-Yonne
39%
18999 Brie-Comte-Robert
38%
20969 Ozoir-la-Ferrière
38%
22712 Combs-la-Ville
35%
13526 Avon
33%
12381 Claye-Souilly
33%
23252 Dammarie-les-Lys
33%
19527 Le Mée-sur-Seine
33%
14096 Lieusaint
26%
18498 Moissy-Cramayel
24%
13791 Vaires-sur-Marne
24%
11141 Cesson
20%
14847 Montévrain
20%
10405 Thorigny-sur-Marne
20%
11508 Dammartin-en-Goële
18%
10004 La Ferté-sous-Jouarre
17%
11378 Vaux-le-Pénil
15%
15117 Saint-Fargeau-Ponthierry
11%
12578 Moret-Loing-et-Orvanne
8%
Aucun quiz correspondant
Distribution des résultats
% des personnes avec chaque résultat
Percentile par nombre de réponses
Votre historique - résultats
Vous n’avez pas pris ce quiz